000 00436nam a2200145Ia 4500
008 100204s9999 xx 000 0 und d
082 _b16972
100 _aकाळे व. पु.
245 _aमाया बाजार
260 _b"मेनका प्रकाशन , पुणे"
_c1993\3
300 _a124
630 _aमाया बाजार
730 _aमाया बाजार
942 _cBOOK
999 _c461395
_d461392